Investment Analysis Portfolio Management (Record no. 3589)

MARC details
000 -LEADER
fixed length control field 00347nam a2200145Ia 4500
008 - FIXED-LENGTH DATA ELEMENTS--GENERAL INFORMATION
fixed length control field 191201s2008 xx 000 0 und d
082 ## - DEWEY DECIMAL CLASSIFICATION NUMBER
Classification number 658.1554
Item number CHI
100 ## - MAIN ENTRY--PERSONAL NAME
Personal name CHANDRA, Prasanna
245 #0 - TITLE STATEMENT
Title Investment Analysis Portfolio Management
250 ## - EDITION STATEMENT
Edition statement Rep.
260 ## - PUBLICATION, DISTRIBUTION, ETC. (IMPRINT)
Place of publication, distribution, etc N.Delhi
Name of publisher, distributor, etc TMH
Date of publication, distribution, etc 2008
300 ## - PHYSICAL DESCRIPTION
Extent 734
650 ## - SUBJECT ADDED ENTRY--TOPICAL TERM
Topical term or geographic name as entry element MBA
942 ## - ADDED ENTRY ELEMENTS (KOHA)
Source of classification or shelving scheme Dewey Decimal Classification
Koha item type Text Books
Holdings
Withdrawn status Lost status Source of classification or shelving scheme Damaged status Not for loan Collection code Home library Current library Date acquired Source of acquisition Cost, normal purchase price Bill Number Total Checkouts Full call number Acc. no. / Barcode Date last seen Date last borrowed Bill Date Koha item type Public note Checked out
    Dewey Decimal Classification     MBA PIET C-LIBRARY PIET C-LIBRARY 07/11/2008 J B C, New Delhi 425.00 SI-4098 4 332.6 CHI 10001 14/11/2025 31/10/2025 16/10/2008 Text Books    
    Dewey Decimal Classification     MBA PIET C-LIBRARY PIET C-LIBRARY 07/11/2008 J B C, New Delhi 425.00 SI-4098 1 332.6 CHI 10002 15/07/2022 01/07/2022 16/10/2008 Text Books    
    Dewey Decimal Classification     MBA PIET C-LIBRARY PIET C-LIBRARY 07/11/2008 J B C, New Delhi 425.00 SI-4098 3 332.6 CHI 10003 14/11/2025 31/10/2025 16/10/2008 Text Books .  
    Dewey Decimal Classification     MBA PIET C-LIBRARY PIET C-LIBRARY 07/11/2008 J B C, New Delhi 425.00 SI-4098 1 332.6 CHI 10004 27/11/2025 14/11/2025 16/10/2008 Text Books    
    Dewey Decimal Classification     MBA PIET C-LIBRARY PIET C-LIBRARY 07/11/2008 J B C, New Delhi 425.00 SI-4098 1 332.6 CHI 10005 15/07/2022 01/07/2022 16/10/2008 Text Books    
    Dewey Decimal Classification     MBA PIET C-LIBRARY PIET C-LIBRARY 17/12/2008 J B C, New Delhi 425.00 SI-4573 2 332.6 CHI 10201 29/01/2025 29/01/2025 03/12/2008 Text Books   18/08/2025

Design & Developed by: PIET Central Library
R70 Miles Stone Pattikalyana Samalkha Panipat 132102
mail ID :- [email protected], Phone No:- 0180-2569700 Ex.216